Raptus 3 Tracklist - Statistics

Statistiche generali
  • Questo quiz è stato fatto 14 volte
  • Il punteggio medio è 7 su 11
Statistiche sulle risposte
Num. Risposta % Corretto
6 A Silvia
80%
10 Fame
80%
11 Gli occhi della tigre
80%
9 Ti am*
70%
3 Brutti sogni
60%
4 Exit
60%
2 La mia voce
60%
7 Animal
50%
8 Inferno
50%
1 Per essere vivi
50%
5 Effetto domino
40%
Nessun quiz corrispondente trovato
Distribuzione punteggi
Percentuale di utenti per punteggio
Percentile per numero di risposta
I tuoi punteggi nel tempo
Non hai fatto questo quiz